Statistics for First Two Words of Taylor Swift Songs #3

Click here to take the quiz!

General Stats

  • This quiz has been taken 19 times
  • The average score is 9 of 18

Answer Stats

HintAnswer% Correct
Look What You Made Me DoI don't
83%
I Did Something BadI never
75%
Lavender HazeMeet me
75%
Paper RingsThe moon
75%
cardiganVintage tee
75%
The ArcherCombat, I'm
67%
Hey StephenHey Stephen
67%
This LoveClear blue
58%
Girl At HomeDon't look
50%
gold rushGleaming, twinkling
42%
BreatheI see
42%
Dear JohnLong were
42%
Castles CrumblingOnce I
42%
Forever & AlwaysOnce upon
42%
Sweet NothingI spy
33%
CarolinaOh Carolina
25%
Tim McGrawYou said
17%
ChangeWell, it's
8%

Score Distribution

Percentile by Number Answered

Percent of People with Each Score

Your Score History

You have not taken this quiz